| 000 | 00668nam a2200241Ia 4500 | ||
|---|---|---|---|
| 003 | OSt | ||
| 005 | 20220924123057.0 | ||
| 006 | a|||||r|||| 00| 0 | ||
| 007 | ta | ||
| 008 | 220923b |||||||| |||| 00| 0 san d | ||
| 024 | _a45002 | ||
| 037 | _cTextual | ||
| 040 |
_aARTS _cARTS _bsan |
||
| 041 |
_2san _asan |
||
| 082 | _aO15,lE89,l, 156N5 | ||
| 100 |
_aSuri Hemachandra _970210 |
||
| 245 | 0 | _aDvyasrava mahakavyam | |
| 260 |
_aMadras _bSri Chandra Prabhu Jain Naya mandir trust _c1995 |
||
| 300 |
_a856p. _ccm. |
||
| 650 | _aSANSKRIT LITERATURE | ||
| 942 |
_hO15,lE89,l, 156N5 _cTEXL _2CC |
||
| 999 |
_c414214 _d414214 |
||